000 00544nam a2200181 4500
001 107726
003 ES-MaACL
005 20230906184458.0
007 t|
008 061121s1905 fr r ||||1| fre d
100 1 _aMosso, Angelo.
_983806
245 1 3 _aLa fatigue intellectuelle et physique /
_cAngelo Mosso; traduit de l'italien sur la Vº edition par P. Langlois.
250 _a5e. ed.
260 _aParís :
_bAlcan,
_c1905.
300 _aXII, 191 p. :
_bil. ;
_c18 cm.
700 1 _aLanglois, P.
_970068
852 _aES-MaACL
_jF-12000
999 _c107726
_d107726